Statistics for The Anime Quiz

Click here to take the quiz!

General Stats

  • This quiz has been taken 1,452 times
  • The average score is 13 of 27

Answer Stats

Main Characters EasyName of Anime% Correct
Eren JaegerAttack on Titan
98%
Monkey D. LuffyOne Piece
98%
Son GokuDragon Ball Z
96%
Light YagamiDeath Note
93%
SaitamaOne Punch Man
90%
Soul Eater EvansSoul Eater
87%
Izuku MidoryaBoku No Hero Academia
85%
Kaneki kenTokyo Ghoul
85%
Edward ElrichFullmetal Alchemist
83%
Lelouch Vi BritanniaCode Geass
77%
Crazy blonde wants to be a decent ninja.Naruto
76%
Ciel PhantomhiveBlack Butler
61%
Rin OkumuraBlue Exorcist
60%
Teens play intense card games.Yu-Gi-Oh
43%
A group of high school students with questionable sexual orientations entertain young ladies.Ouran Highschool Host Club
40%
Haruka NanaseFree! Iwatobi Swim Club
33%
ItalyHetalia
27%
Naegi MakotoDanganronpa
24%
Aggressive highschool kids try to help each other get their crushes.Toradora
19%
Eren Jaeger x Levi AckermanEreri
6%
Mikaela Hyakuya x Yuu HyakuyaMikayuu
4%
Sebastian Michaelis x Ciel PhantomhiveSebaciel
4%
Viktor Nikiforov x Yuuri KatsukiViktuuri
4%
Makaoto Tachibana x Haruha NanaseMakoharu
3%
Yato x HiyoriYatori
3%
Spain x RomanoSpamano
2%
England x AmericaUSUK
1%

Score Distribution

Percentile by Number Answered

Percent of People with Each Score

Your Score History

You have not taken this quiz